| 000 | 00890cab a2200313 4500 | ||
|---|---|---|---|
| 001 | WB2829-51 | ||
| 008 | 090401t1992 xxu||||| |||| 00| 0 eng d | ||
| 035 | _a(Sirsi) u63852 | ||
| 041 | _aeng | ||
| 245 | 3 | _aAn alternative to set-aside | |
| 260 | _c1992 | ||
| 350 | _a0 | ||
| 490 |
_aFinancial Times _v21 July 1992, 24(1) |
||
| 520 | _aA farmer argues that biomass would be a viable alternative to set-aside, if some funding for set-aside were redirected towards encouraging industries to use biomass. | ||
| 650 | _aBIOFUEL | ||
| 650 | _aBIOMASS | ||
| 650 | _aCLAAS | ||
| 650 | _aFARMLAND | ||
| 650 | _aFLAX | ||
| 650 | _aFUEL | ||
| 650 | _aGREEN ISSUES | ||
| 650 | _aRAPE METHYL ESTER | ||
| 650 | _aSET-ASIDE | ||
| 650 | _aWILLOW COPPICE | ||
| 690 | _aENVIRONMENTAL AND LAND CONSULTANCY-ENERGY | ||
| 690 | _aRURAL PRACTICE | ||
| 942 | _n0 | ||
| 948 | _c04/03/1997 | ||
| 999 |
_c39724 _d39724 |
||